Geography Quiz

Random Geography or City Quiz

Non-Repeating Letters Cities (US) Quiz Stats

 Plays Quiz Updated Sep 4, 2017

Challenge
Share
Tweet
Embed
Score 0/30 Timer 08:00
4 Plays Today
Rank City % Correct
1New York, NY
97.4%
8San Diego, CA
69.4%
5Phoenix, AZ
67%
11Austin, TX
60.6%
26Portland, OR
59.1%
30Baltimore, MD
49.3%
41Raleigh, NC
42.5%
101Boise, ID
36.9%
20El Paso, TX
36.7%
88Reno, NV
35.7%
70Newark, NJ
34.4%
100Richmond, VA
33.8%
82Madison, WI
33.4%
33Tucson, AZ
31.6%
47Tulsa, OK
31.5%
Rank City % Correct
34Fresno, CA
22.2%
129Mobile, AL
21.9%
122Akron, OH
21%
78Durham, NC
20.2%
36Mesa, AZ
20.1%
103Spokane, WA
17.3%
39Long Beach, CA
14.6%
76Fort Wayne, IN
14%
117Yonkers, NY
11.1%
69Plano, TX
9.5%
80Laredo, TX
7.6%
85Chandler, AZ
5.6%
94Gilbert, AZ
5.3%
97Fremont, CA
4.9%
112Oxnard, CA
4%

You're not logged in!

Compare scores with friends on all Sporcle quizzes.
Join for Free
OR
Log In

You Might Also Like...

Show Comments

Extras

Top Quizzes Today


Score Distribution

Your Account Isn't Verified!

In order to create a playlist on Sporcle, you need to verify the email address you used during registration. Go to your Sporcle Settings to finish the process.

Report this User

Report this user for behavior that violates our Community Guidelines.

Details: